| 000 | 00565 a2200181 4500 | ||
|---|---|---|---|
| 020 | _a 9781338089448 | ||
| 020 | _a1338089447 | ||
| 041 | _aspa | ||
| 100 | _aDrummond, Ree | ||
| 245 | _aCharlie el perro de la granja / Ree Drummond ; ilustraciones de Diane deGroat. ; [Translated by Juan Pablo Lombana] | ||
| 260 | _a [New York, N.Y.] : Scholastic Inc., 2016. | ||
| 300 |
_a1 volume (unpaged) : color illustrations ; _c23 cm |
||
| 500 | _aCharlie the ranch dog. | ||
| 700 | 1 | 0 | _aDe Groat, Diane |
| 700 | 1 | 0 | _aLombana, Juan Pablo |
| 942 | _cBK | ||
| 952 | _71 | ||
| 999 |
_c20890 _d20890 |
||